Introduction to probability models (Record no. 8513)
[ view plain ]
| 000 -LEADER | |
|---|---|
| fixed length control field | 00764nam a2200253 4500 |
| 001 - CONTROL NUMBER | |
| control field | 2741621 |
| 003 - CONTROL NUMBER IDENTIFIER | |
| control field | OSt |
| 005 - DATE AND TIME OF LATEST TRANSACTION | |
| control field | 20240617102138.0 |
| 008 - FIXED-LENGTH DATA ELEMENTS--GENERAL INFORMATION | |
| fixed length control field | 720705s1972 nyu b 001 0 eng |
| 010 ## - LIBRARY OF CONGRESS CONTROL NUMBER | |
| LC control number | 78182667 |
| 020 ## - INTERNATIONAL STANDARD BOOK NUMBER | |
| International Standard Book Number | 0125984502 |
| 040 ## - CATALOGING SOURCE | |
| Original cataloging agency | MUST LIB |
| Transcribing agency | MUST |
| Modifying agency | MUST |
| 050 00 - LIBRARY OF CONGRESS CALL NUMBER | |
| Classification number | QA273 |
| Item number | .R84 1972 |
| 082 00 - DEWEY DECIMAL CLASSIFICATION NUMBER | |
| Classification number | 519.2 |
| Edition number | 20 |
| Item number | ROS |
| 100 1# - MAIN ENTRY--PERSONAL NAME | |
| Personal name | Ross, Sheldon M. |
| 9 (RLIN) | 2696 |
| 245 10 - TITLE STATEMENT | |
| Title | Introduction to probability models |
| Statement of responsibility, etc. | [by] Sheldon M. Ross. |
| 260 ## - PUBLICATION, DISTRIBUTION, ETC. (IMPRINT) | |
| Place of publication, distribution, etc. | New York, |
| Name of publisher, distributor, etc. | Academic Press |
| Date of publication, distribution, etc. | [1972] |
| 300 ## - PHYSICAL DESCRIPTION | |
| Extent | xiii, 272 p. |
| Dimensions | 25 cm. |
| 490 0# - SERIES STATEMENT | |
| Series statement | Probability and mathematical statistics, v. 10 |
| 504 ## - BIBLIOGRAPHY, ETC. NOTE | |
| Bibliography, etc | Includes bibliographical references. |
| 650 #0 - SUBJECT ADDED ENTRY--TOPICAL TERM | |
| Topical term or geographic name as entry element | Probabilities. |
| 9 (RLIN) | 2821 |
| 906 ## - LOCAL DATA ELEMENT F, LDF (RLIN) | |
| a | 7 |
| b | cbc |
| c | orignew |
| d | 2 |
| e | ncip |
| f | 19 |
| g | y-gencatlg |
| 942 ## - ADDED ENTRY ELEMENTS (KOHA) | |
| Source of classification or shelving scheme | Dewey Decimal Classification |
| Koha item type | Book |
| Withdrawn status | Lost status | Source of classification or shelving scheme | Damaged status | Not for loan | Home library | Current library | Date acquired | Source of acquisition | Inventory number | Total Checkouts | Full call number | Barcode | Date last seen | Price effective from | Koha item type |
|---|---|---|---|---|---|---|---|---|---|---|---|---|---|---|---|
| Dewey Decimal Classification | MUST Main Library | MUST Main Library | 17/06/2024 | Purchase | 06/28136 | 519.2 ROS | 2024-20600 | 17/06/2024 | 17/06/2024 | Book |
